000 01017nmc a2200373 a 4500
003 AR-BaBNM
005 20251128210557.0
008 280020s1996 ||||||||||||||000 | spa||
020 _a84-89607-76-1
040 _cAR-BaBNM
100 1 _aGonzález, Ma Pilar
245 1 0 _aEquipos de trabajo efectivos
250 _a1ª ed.
260 _aBarcelona
_bEUB
_c1996
300 0 _a199 P.
_btablas
490 0 _aPsicología y educación
_vv. 32
500 0 _aContiene referencias bibliográficas
500 0 _aContiene ejercicios prácticos
650 4 _aGRUPOS
650 4 _aDINAMICA DE GRUPO
650 4 _aGRUPOS DE TRABAJO
650 4 _aTEORIA DE LOS GRUPOS
650 4 _aRELACIONES ENTRE GRUPOS
650 4 _aEVALUACION
650 4 _aRENDIMIENTO
650 4 _aSISTEMAS DE CONTROL
650 4 _aORGANIZACION
650 4 _aRENDIMIENTO DEL ALUMNO
653 0 _aGESTION INSTITUCIONAL
700 1 _aSilva, Manuel
700 1 _aCornejo Alvarez, José Manuel
942 _cBK
998 _cRaquel
999 _c16018
_d16018